000 00680nas a2200229 4500
001 BR9103182
003 BR-BrBNA
005 20231205092050.0
007 ta
008 230509b bl.|||p| |||| 00| 00por d
040 _aBR-BrBNA
_bpor
_cBiblioteca Nacional de Agricultura
041 _a(Pt)
072 _aL51
100 1 _aAllenstein, L.C.
245 1 _aVacas gordas no rebanho leiteiro: energia em excesso e a causa
650 _aGADO LEITEIRO
650 _aGANHO DE PESO
650 _aFERTILIDADE ANIMAL
773 0 _tGado Holandes (Brazil)
_xISSN 0101-7977
_g(Oct 1990), v. 56(179) p. 18
_wBR9103182
909 _a202311
_bLúcia
_c55
_dLúcia Elande
942 _2AGRIS
_n0
_cANA
999 _c129075
_d129075